| 000 | 00748cab a2200217 4500 | ||
|---|---|---|---|
| 001 | ABS57208 | ||
| 008 | 090401t xxu||||| |||| 00| 0 eng d | ||
| 035 | _a(Sirsi) u79277 | ||
| 041 | _aeng | ||
| 100 | _aGiles, A. | ||
| 245 | _aProfessional negligence : a triumph for lenders | ||
| 350 | _a0 | ||
| 520 | _aDiscusses the case "The Mortgage Corporation v Brooks & Co (solicitors)" which held that a solicitors` obligation to ensure that `all appropriate documents will be properly executed on or before completion` should be construed as an absolute obligation. | ||
| 650 | _aCONVEYANCING | ||
| 650 | _aFORGERY | ||
| 650 | _aNEGLIGENCE | ||
| 650 | _aSOLICITORS | ||
| 690 | _aPROPERTY LAW AND PRACTICE | ||
| 942 | _n0 | ||
| 948 | _c27/06/1997 | ||
| 999 |
_c49841 _d49841 |
||